Piłkarska kariera Didiera Drogby. - Statystyki

Ogólne statystyki
  • Ten quiz został rozwiązany 76 razy
  • Średni wynik to 4 z 11
Statystyki odpowiedzi
Lata Drużyna % Poprawnych
2004-2012 Chelsea
100%
2014-2015 Chelsea
100%
2013-2014 Galatasaray
56%
2003-2004 Olympique Marsylia
51%
2015-2017 Montreal Impact
32%
2012-2013 Shanghai Shenhua
14%
2002-2003 Guingamp
11%
1998-2002 Le Mans
11%
1993-1997 Levallois
5%
2017-2018 Arizona United
3%
1997-1998 Le Mans B
3%
Nie znaleziono quizów pasujących do podanych kryteriów
Rozkład punktacji
Procent ludzi z każdym wynikiem
Percentyl według liczby udzielonych odpowiedzi
Twoja historia wyników
Nie rozwiązałeś tego quizu